000
00339nam a2200145Ia 4500
100
_a
Lotia/ Manahar
942
_c
BK
366
_f
15
654
_a
Modern All About Hard Disk Drive
245
_a
Modern All About Hard Disk Drive
260
_b
B.P.B.Publications
_a
New Delhi
_c
1997
082
_a
4.5
300
_a
516
546
_a
ENGLISH
999
_c
24263
_d
24263